| 000 | 00487 a2200193 4500 | ||
|---|---|---|---|
| 003 | Nust | ||
| 005 | 20230331102219.0 | ||
| 010 | _a 90005871 | ||
| 020 | _a0688084885 : | ||
| 040 | _cNust | ||
| 082 | 0 | 0 | _a813.54,SHE |
| 100 | 1 |
_aSidney Sheldon _913727 |
|
| 245 | 1 | 0 |
_aMemories of midnight / _cSidney Sheldon. |
| 250 | _a1st ed. | ||
| 260 |
_aNew York : _bMorrow, _cc1990. |
||
| 300 |
_a399 p. ; _c25 cm. |
||
| 655 | 7 | _aDetective and mystery stories. | |
| 942 |
_2ddc _cBK _k813.54,SHE |
||
| 999 |
_c189132 _d189132 |
||